Vliv podílu dlouhodobého majetku a rentability na využití cizích zdrojů financování firem v odvětví stavebnictví v zemích V4
Vplyv podielu dlhodobého majetku a rentability vlastného kapitálu na využití cudzích zdrojov financovania vo firmách v odvetví stavebníctva v podmienkach Vyšehrádskej štvorky. Analýza bola relalizovaná pomocou panelovej regresie a korelácie.
Gespeichert in:
| 1. Verfasser: | |
|---|---|
| Format: | Buchkapitel |
| Sprache: | Tschechisch |
| Schlagworte: | |
| Tags: |
Keine Tags, Fügen Sie das erste Tag hinzu!
|
MARC
| LEADER | 00000naa a2200000 4500 | ||
|---|---|---|---|
| 001 | 0208753 | ||
| 005 | 20231128132127.8 | ||
| 041 | 0 | |a cze | |
| 044 | |a CZ | ||
| 245 | 1 | 0 | |a Vliv podílu dlouhodobého majetku a rentability na využití cizích zdrojů financování firem v odvětví stavebnictví v zemích V4 |c Petra Růžičková |
| 520 | |a Vplyv podielu dlhodobého majetku a rentability vlastného kapitálu na využití cudzích zdrojov financovania vo firmách v odvetví stavebníctva v podmienkach Vyšehrádskej štvorky. Analýza bola relalizovaná pomocou panelovej regresie a korelácie. | ||
| 610 | 2 | 0 | |a rozpočet kapitálový |
| 610 | 2 | 0 | |a majetok dlhodobý |
| 610 | 2 | 0 | |a rentabilita |
| 610 | 2 | 0 | |a zdroje finančné cudzie |
| 610 | 2 | 0 | |a Vyšehradská štvorka |
| 610 | 2 | 0 | |a podnik stavebný |
| 100 | 1 | |a Růžičková, Petra | |